000 00739nab a2200205 4500
001 244442
003 OSt
005 20250910132720.0
007 tu
008 200917s2020|||||||
040 _aDE-2950
_cDE-2950
245 0 0 _aWas die Kandidaten über Migration sagen
_bPolitik. Vor der OB-Wahl am 21. September in Frankfurt hat das erste öffentliche Wahlforum unter großem Andrang stattgefunden. Wie sich die Kandidaten zum Thema Migration und Integration äußerten/
_cLisa Larossa
264 _c2025
653 _aFrankfurt (Oder)
653 _aOB-Kandidaten
653 _aMigration
653 _aKriminalität
773 0 _g36. Jahrgang (2025) Nr. 208 vom 06.09.2025, S. 17, 19 mit Foto
_tMärkische Oderzeitung
942 _2z
_cA
999 _c374002
_d374002